000 01103nam0a22002531 4500
001 rc\2914081
005 20110809153258.2
035 _a(NLR Aleph) 007064597
090 _a6319956
_c6319956
100 _a20110809d1938 |||y0rusy50 ca
101 0 _arus
102 _aRU
105 _aa z |||||
200 1 _aОсновы геологии
_fПод ред. проф. А.С. Гинзберга
_gУтв. Всесоюз. ком. по делам высш. шк. при СНК СССР в качестве учеб. пособия для пед. ин-тов
210 _aЛенинград
_cУчпедгиз, Ленингр. отд-ние
_d1938
_gТип. "Печатный двор"
215 _a408 с., 1 вкл. л. табл.
_cил., табл.
_d23 см
700 1 _aКузнецов
_bС. С.
_cд-р геол.-минерал. наук
_f1892-1988
_gСергей Сергеевич
_3RU\NLR\AUTH\770181279
702 1 _aГинзберг
_bА. С.
_4340
801 0 _aRU
_bNLR
_gpsbo
801 1 _aRU
_bELAR
_2rusmarc
852 _aNLR
_j38-4/820
852 _aNLR
_jГн10 В-5/11
942 _cBOOK
980 _aNB